[Event "BL2 Ost 1819 (Women)"]
[Site "Germany"]
[Date "2018.10.27"]
[Round "1.4"]
[White "Naumann, Nadine"]
[Black "Kindt, Ulrike"]
[Result "1/2-1/2"]
[WhiteElo "1967"]
[BlackElo "1746"]
[PlyCount "44"]
[EventDate "2018.10.27"]
[EventType "team-tourn"]
[EventRounds "7"]
[EventCountry "GER"]
[SourceTitle "CBM 190 Extra"]
[Source "ChessBase"]
[SourceDate "2019.07.15"]
[SourceVersion "1"]
[SourceVersionDate "2019.07.15"]
[SourceQuality "1"]
[WhiteTeam "Loeberitz (W)"]
[BlackTeam "Niederwiesa Gruen Weiss (W)"]
[WhiteTeamCountry "GER"]
[BlackTeamCountry "GER"]

1. e4 c5 2. Nf3 Nc6 3. d3 e6 4. g3 d5 5. Nbd2 dxe4 6. dxe4 Nf6 7. Bg2 Be7 8. 0-0 0-0 9. Qe2 Qc7 10. e5 Nd7 11. Re1 Rb8 12. c3 b5 13. h4 c4 14. Ne4 Nc5 15. Nxc5 Bxc5 16. h5 Ne7 17. h6 g6 18. Be3 Nf5 19. Bf4 Bb7 20. g4 Ne7 21. Be3 Nd5 22. Bg5 Be7 1/2-1/2

[Event "BL2 Sued 1617 (Women)"]
[Site "Germany"]
[Date "2017.01.21"]
[Round "3.6"]
[White "Kindt, Ulrike"]
[Black "Leinenbach, Janine"]
[Result "1/2-1/2"]
[WhiteElo "1752"]
[BlackElo "1784"]
[PlyCount "65"]
[EventDate "2016.10.22"]
[EventType "team-tourn"]
[EventRounds "7"]
[EventCountry "GER"]
[SourceTitle "EXT 2018"]
[Source "ChessBase"]
[SourceDate "2017.10.13"]
[SourceVersion "1"]
[SourceVersionDate "2017.10.13"]
[SourceQuality "1"]
[WhiteTeam "Niederwiesa (W)"]
[BlackTeam "Wadgassen/Differten (W)"]
[WhiteTeamCountry "GER"]
[BlackTeamCountry "GER"]

1. d4 Nf6 2. c4 e6 3. Nf3 b6 4. Nc3 Bb7 5. e3 Be7 6. Be2 0-0 7. 0-0 d5 8. b3 Nbd7 9. Bb2 c5 10. dxc5 Nxc5 11. cxd5 Nxd5 12. Nxd5 Bxd5 13. Rc1 Bf6 14. Bxf6 Qxf6 15. Qd4 Qe7 16. Rfd1 Rfd8 17. Qb2 Rac8 18. h3 h6 19. Ne1 Ne4 20. Rxc8 Rxc8 21. Ba6 Rc5 22. b4 Rc7 23. a3 Qg5 24. Nf3 Qe7 25. Ne1 Nd6 26. Rc1 Nc4 27. Bxc4 Rxc4 28. Rxc4 Bxc4 29. Qd4 Bd5 30. e4 Bb7 31. f3 e5 32. Qd3 f6 33. Nc2 1/2-1/2

[Event "BL 1516 (Women)"]
[Site "Germany"]
[Date "2016.03.19"]
[Round "10.3"]
[White "Kindt, Ulrike"]
[Black "Zschischang, Marine"]
[Result "0-1"]
[WhiteElo "1745"]
[BlackElo "2081"]
[PlyCount "36"]
[EventDate "2015.09.26"]
[EventType "team-tourn"]
[EventRounds "11"]
[EventCountry "GER"]
[SourceTitle "EXT 2017"]
[Source "ChessBase"]
[SourceDate "2016.10.25"]
[SourceVersion "1"]
[SourceVersionDate "2016.10.25"]
[SourceQuality "1"]
[WhiteTeam "Niederwiesa (W)"]
[BlackTeam "Lehrte (W)"]
[WhiteTeamCountry "GER"]
[BlackTeamCountry "GER"]

1. d4 e6 2. e4 d5 3. exd5 exd5 4. Nf3 Nf6 5. Bd3 Bd6 6. 0-0 0-0 7. c3 Bg4 8. Nbd2 c6 9. h3 Bh5 10. Qc2 Re8 11. g4 Bg6 12. Re1 Nbd7 13. Rxe8+ Qxe8 14. Bxg6 hxg6 15. Nf1 Ne4 16. Kg2 Qe7 17. Ng3 Re8 18. Bd2 Nxg3 0-1

[Event "BL 1516 (Women)"]
[Site "Germany"]
[Date "2016.01.23"]
[Round "6.3"]
[White "Zatonskih, Anna"]
[Black "Kindt, Ulrike"]
[Result "1-0"]
[WhiteElo "2476"]
[BlackElo "1751"]
[PlyCount "57"]
[EventDate "2015.09.26"]
[EventType "team-tourn"]
[EventRounds "11"]
[EventCountry "GER"]
[SourceTitle "EXT 2017"]
[Source "ChessBase"]
[SourceDate "2016.10.25"]
[SourceVersion "1"]
[SourceVersionDate "2016.10.25"]
[SourceQuality "1"]
[WhiteTeam "Baden-Baden (W)"]
[BlackTeam "Niederwiesa (W)"]
[WhiteTeamCountry "GER"]
[BlackTeamCountry "GER"]

1. e4 e6 2. d4 d5 3. Nd2 dxe4 4. Nxe4 Nf6 5. Nxf6+ Qxf6 6. Nf3 Qd8 7. Bd3 Nd7 8. Qe2 Be7 9. Be3 c6 10. 0-0-0 Qa5 11. Kb1 Nf6 12. Ne5 0-0 13. g4 Bd6 14. f4 Nd5 15. Bd2 Qc7 16. c4 Ne7 17. c5 Bxe5 18. fxe5 Qd7 19. h4 b6 20. Qe4 g6 21. Bg5 f5 22. exf6 Nd5 23. Rdf1 bxc5 24. h5 Rb8 25. Ka1 Nb4 26. hxg6 Qd5 27. f7+ Rxf7 28. gxf7+ Kf8 29. Bh6+ 1-0

[Event "BL2 Ost 1415 (Women)"]
[Site "Germany"]
[Date "2014.09.28"]
[Round "2.5"]
[White "Kindt, Ulrike"]
[Black "Heyme, Sibylle"]
[Result "1/2-1/2"]
[WhiteElo "1716"]
[BlackElo "2025"]
[PlyCount "47"]
[EventDate "2014.09.27"]
[EventType "team-tourn"]
[EventRounds "7"]
[EventCountry "GER"]
[SourceTitle "CBM 166 Extra"]
[Source "ChessBase"]
[SourceDate "2015.06.18"]
[SourceVersion "1"]
[SourceVersionDate "2015.06.18"]
[SourceQuality "1"]
[WhiteTeam "Niederwiesa (W)"]
[BlackTeam "Berlin Rotation (W)"]
[WhiteTeamCountry "GER"]
[BlackTeamCountry "GER"]

1. d4 Nf6 2. Nf3 g6 3. e3 Bg7 4. Bd3 d5 5. Nbd2 0-0 6. c3 Nbd7 7. 0-0 c5 8. Re1 b6 9. Bc2 Bb7 10. e4 dxe4 11. Nxe4 Qc7 12. dxc5 Nxc5 13. Nxc5 Qxc5 14. Qe2 e6 15. Be3 Qc7 16. Bd4 Rfd8 17. Be5 Qc5 18. h3 Rac8 19. Bxf6 Bxf6 20. Be4 Bd5 21. Bxd5 Rxd5 22. Qa6 Qc7 23. Rad1 Rcd8 24. Rxd5 1/2-1/2

[Event "BL2 Ost 1415 (Women)"]
[Site "Germany"]
[Date "2014.09.27"]
[Round "1.5"]
[White "Fischer, Maxi"]
[Black "Kindt, Ulrike"]
[Result "1-0"]
[WhiteElo "1665"]
[BlackElo "1716"]
[PlyCount "69"]
[EventDate "2014.09.27"]
[EventType "team-tourn"]
[EventRounds "7"]
[EventCountry "GER"]
[SourceTitle "CBM 166 Extra"]
[Source "ChessBase"]
[SourceDate "2015.06.18"]
[SourceVersion "1"]
[SourceVersionDate "2015.06.18"]
[SourceQuality "1"]
[WhiteTeam "Berlin Empor (W)"]
[BlackTeam "Niederwiesa (W)"]
[WhiteTeamCountry "GER"]
[BlackTeamCountry "GER"]

1. e4 e5 2. Nf3 Nc6 3. Bc4 Bc5 4. c3 Nf6 5. d4 exd4 6. e5 Ng4 7. cxd4 Bb4+ 8. Nc3 h5 9. h3 Nh6 10. 0-0 Bxc3 11. bxc3 d5 12. exd6 cxd6 13. Re1+ Ne7 14. Bg5 f6 15. Bf4 d5 16. Bd3 Kf7 17. Qb3 b6 18. Re2 Bb7 19. Rae1 Nc6 20. Qc2 g5 21. Bg6+ Kg7 22. Bxh5 Nf5 23. g4 Rxh5 24. gxh5 Qd7 25. Bh2 Rh8 26. h4 g4 27. Nd2 Rxh5 28. Bg3 Ba6 29. Re6 Nd8 30. Re8 Nc6 31. Qa4 Bb7 32. Qa3 Qf7 33. Nf1 Nxh4 34. Bxh4 Qg6 35. Qf8+ 1-0

[Event "BL2 Ost 1314 (Women)"]
[Site "Germany"]
[Date "2013.11.30"]
[Round "1.5"]
[White "Kindt, Ulrike"]
[Black "Fischer, Maxi"]
[Result "1/2-1/2"]
[WhiteElo "1671"]
[BlackElo "1494"]
[PlyCount "49"]
[EventDate "2013.11.30"]
[EventType "team-tourn"]
[EventRounds "7"]
[EventCountry "GER"]
[SourceTitle "EXT 2018"]
[Source "ChessBase"]
[SourceDate "2017.10.13"]
[SourceVersion "1"]
[SourceVersionDate "2017.10.13"]
[SourceQuality "1"]
[WhiteTeam "Niederwiesa Gruen Weiss (W)"]
[BlackTeam "Berlin Empor (W)"]
[WhiteTeamCountry "GER"]
[BlackTeamCountry "GER"]

1. e4 e5 2. Nf3 Nc6 3. Bc4 Bc5 4. c3 Nf6 5. d4 exd4 6. cxd4 Bb4+ 7. Bd2 Bxd2+ 8. Nbxd2 d5 9. exd5 Nxd5 10. 0-0 0-0 11. Bb5 Nce7 12. a3 c6 13. Bc4 Bg4 14. h3 Bh5 15. Qc2 Bg6 16. Bd3 Nf4 17. Bxg6 Nexg6 18. Rfe1 Qd7 19. Qc3 Rfe8 20. Kh2 Re2 21. Rxe2 Nxe2 22. Qe3 Ngf4 23. Nb3 Re8 24. Qd2 b6 25. Re1 1/2-1/2